Central Library OPAC University of Rajshahi

The McNamara strategy / (Record no. 60147)

MARC details
000 -LEADER
fixed length control field 00782nam a2200241 a 4500
001 - CONTROL NUMBER
control field 60147
003 - CONTROL NUMBER IDENTIFIER
rucl marc code BD-RjUL
005 - DATE AND TIME OF LATEST TRANSACTION
control field 20211209080817.0
008 - FIXED-LENGTH DATA ELEMENTS--GENERAL INFORMATION
fixed length control field 730306s1964 nyu b 000 0 eng
035 ## - SYSTEM CONTROL NUMBER
System control number (BD-RjUL)60271
040 ## - CATALOGING SOURCE
Original cataloging agency DLC
Transcribing agency ODaWU
Modifying agency OCoLC
-- Uk
-- BD-RjUL
Language of cataloging eng
041 ## - LANGUAGE CODE
Language code of text/sound track or separate title eng
082 ## - DEWEY DECIMAL CLASSIFICATION NUMBER
Classification number 355.0973
Edition number 23
Author mark and year KAM 1964
100 1# - MAIN ENTRY--PERSONAL NAME
Personal name Kaufmann, William W.
9 (RLIN) 179044
245 14 - TITLE STATEMENT
Title The McNamara strategy /
Statement of responsibility, etc. William W Kaufmann
260 ## - PUBLICATION, DISTRIBUTION, ETC. (IMPRINT)
Place of publication, distribution, etc. New York :
Name of publisher, distributor, etc. Harper & Row,
Date of publication, distribution, etc. 1964
300 ## - PHYSICAL DESCRIPTION
Pagination x, 339 p. ;
Size 22 cm.
504 ## - BIBLIOGRAPHY, ETC. NOTE
Bibliography, etc Bibliographical references included in "Notes" (p. 320-334)
600 10 - SUBJECT ADDED ENTRY--PERSONAL NAME
Personal name McNamara, Robert S.,
Dates associated with a name 1916-2009.
610 10 - SUBJECT ADDED ENTRY--CORPORATE NAME
Corporate name or jurisdiction name as entry element United States.
Subordinate unit Department of Defense.
651 #0 - SUBJECT ADDED ENTRY--GEOGRAPHIC NAME
Geographic name United States
General subdivision Military policy.
9 (RLIN) 176084
942 ## - ADDED ENTRY ELEMENTS (KOHA)
Source of classification or shelving scheme Dewey Decimal Classification
Koha item type Books
Holdings
Lost status Source of classification or shelving scheme Damaged status Not for loan Collection code Permanent Location Current Location Shelving location Date acquired Source of acquisition Cost, normal purchase price Total Checkouts Full call number Date last seen Copy number Koha item type
  Dewey Decimal Classification   Not For Loan Non-fiction Central Library, University of Rajshahi Central Library, University of Rajshahi Reading Room 28/03/1967 Pak. law house 32.50   355.0973 KAM 1964 28/12/2016 C-1 Books